|
|
|
|
| LEADER |
00000nnm a2200000 i 4500 |
| 001 |
dolg22626 |
| 005 |
20190829140941.0 |
| 008 |
190521suuuu hu o 000 hun d |
| 040 |
|
|
|a BGE Dolgozattár Repozitórium
|b hun
|
| 041 |
|
|
|a hu
|
| 100 |
1 |
|
|a Csókás Leila Rebeka
|
| 245 |
1 |
0 |
|a Konferenciaturizmus esettanulmány
|b Aquincum Hotel Budapest
|c Csókás Leila Rebeka
|h [elektronikus dokumentum]
|
| 246 |
1 |
1 |
|a Konferenciaturizmus esettanulmány: Aquincum Hotel Budapest
|
| 695 |
|
|
|a Hivatásturizmus
|
| 695 |
|
|
|a Konferenciaturizmus
|
| 700 |
1 |
|
|a Karsai Dr Árpád
|e ths
|
| 856 |
4 |
0 |
|u http://dolgozattar.uni-bge.hu/22626/1/Cs%C3%B3k%C3%A1s%20Leila%20Rebeka%20-%20Projektmunka%20v%C3%A9gleges.pdf
|z Dokumentum-elérés
|